Mechanical engineers' handbook / (Record no. 61083)

000 -LEADER
fixed length control field 01423pam a2200337 a 4500
001 - CONTROL NUMBER
control field 3543008
003 - CONTROL NUMBER IDENTIFIER
control field NUST-PNEC
005 - DATE AND TIME OF LATEST TRANSACTION
control field 20170116180713.0
008 - FIXED-LENGTH DATA ELEMENTS--GENERAL INFORMATION
fixed length control field 970429s1998 nyua bf 001 0 eng
010 ## - LIBRARY OF CONGRESS CONTROL NUMBER
LC control number 97020306
020 ## - INTERNATIONAL STANDARD BOOK NUMBER
International Standard Book Number 0471130079
040 ## - CATALOGING SOURCE
Original cataloging agency DLC
Transcribing agency PNEC
Modifying agency DLC
050 00 - LIBRARY OF CONGRESS CALL NUMBER
Classification number TJ151
Item number .M395 1998
082 00 - DEWEY DECIMAL CLASSIFICATION NUMBER
Classification number 621 KUT
100 ## - MAIN ENTRY--PERSONAL NAME
9 (RLIN) 643
Personal name Kutz Myer
245 00 - TITLE STATEMENT
Title Mechanical engineers' handbook /
Statement of responsibility, etc. edited by Myer Kutz.
250 ## - EDITION STATEMENT
Edition statement 2nd ed.
260 ## - PUBLICATION, DISTRIBUTION, ETC.
Place of publication, distribution, etc. New York :
Name of publisher, distributor, etc. Wiley,
Date of publication, distribution, etc. 1998.
300 ## - PHYSICAL DESCRIPTION
Extent xxiii, 2352 p. :
Other physical details ill. ;
Dimensions 24 cm.
500 ## - GENERAL NOTE
General note http://www.amazon.com/Mechanical-Engineers-Handbook-Myer-Kutz/dp/0471130079/ref=sr_1_1?s=books&ie=UTF8&qid=1413441252&sr=1-1&keywords=0471130079
500 ## - GENERAL NOTE
General note "A Wiley-Interscience publication."
504 ## - BIBLIOGRAPHY, ETC. NOTE
Bibliography, etc. note Includes bibliographical references and index.
650 #0 - SUBJECT ADDED ENTRY--TOPICAL TERM
Topical term or geographic name entry element Mechanical engineering
General subdivision Handbooks, manuals, etc. - ME
700 1# - ADDED ENTRY--PERSONAL NAME
Personal name Kutz, Myer.
856 42 - ELECTRONIC LOCATION AND ACCESS
Materials specified Contributor biographical information
Uniform Resource Identifier <a href="http://www.loc.gov/catdir/bios/wiley042/97020306.html">http://www.loc.gov/catdir/bios/wiley042/97020306.html</a>
856 42 - ELECTRONIC LOCATION AND ACCESS
Materials specified Publisher description
Uniform Resource Identifier <a href="http://www.loc.gov/catdir/description/wiley033/97020306.html">http://www.loc.gov/catdir/description/wiley033/97020306.html</a>
856 4# - ELECTRONIC LOCATION AND ACCESS
Materials specified Table of Contents
Uniform Resource Identifier <a href="http://www.loc.gov/catdir/toc/onix04/97020306.html">http://www.loc.gov/catdir/toc/onix04/97020306.html</a>
906 ## - LOCAL DATA ELEMENT F, LDF (RLIN)
a 7
b cbc
c orignew
d 1
e ocip
f 19
g y-gencatlg
942 ## - ADDED ENTRY ELEMENTS (KOHA)
Source of classification or shelving scheme
Koha item type Book
Holdings
Withdrawn status Lost status Source of classification or shelving scheme Damaged status Not for loan Permanent Location Current Location Shelving location Date acquired Source of acquisition Cost, normal purchase price Total Checkouts Full call number Barcode Date last seen Cost, replacement price Price effective from Koha item type
          Pakistan Navy Engineering College (PNEC) Pakistan Navy Engineering College (PNEC) Reference 03/15/2003 Royal Book Company 15399.00   621 KUT PNECLIB-026024 10/16/2014 15399.00 03/15/2003 Book
© 2023 Central Library, National University of Sciences and Technology. All Rights Reserved.